Search the Library Catalogue
| 000 -LEADER | |
|---|---|
| fixed length control field | 00394nam a22001457a 4500 |
| 003 - CONTROL NUMBER IDENTIFIER | |
| control field | OSt |
| 005 - DATE AND TIME OF LATEST TRANSACTION | |
| control field | 20250710191615.0 |
| 008 - FIXED-LENGTH DATA ELEMENTS--GENERAL INFORMATION | |
| fixed length control field | 250710b |||||||| |||| 00| 0 eng d |
| 020 ## - INTERNATIONAL STANDARD BOOK NUMBER | |
| International Standard Book Number | 9781598696455 |
| 040 ## - CATALOGING SOURCE | |
| Transcribing agency | acl |
| 082 ## - DEWEY DECIMAL CLASSIFICATION NUMBER | |
| Classification number | 332.0240145 BLI |
| 100 ## - MAIN ENTRY--PERSONAL NAME | |
| Personal name | Blitz, Dennis |
| 245 ## - TITLE STATEMENT | |
| Title | Save Smart, Earn More |
| Remainder of title | : the new rules for retirement investing |
| Statement of responsibility, etc. | by Dennis Blitz |
| 942 ## - ADDED ENTRY ELEMENTS (KOHA) | |
| Source of classification or shelving scheme | Dewey Decimal Classification |
| Koha item type | English Books |
| Withdrawn status | Lost status | Source of classification or shelving scheme | Damaged status | Not for loan | Home library | Current library | Shelving location | Date acquired | Total Checkouts | Total Renewals | Full call number | Barcode | Date last seen | Date last checked out | Price effective from | Koha item type |
|---|---|---|---|---|---|---|---|---|---|---|---|---|---|---|---|---|
| Dewey Decimal Classification | Anna Centenary Library | Anna Centenary Library | 4TH FLOOR, A WING | 23.10.2010 | 2 | 2 | 332.0240145 BLI | 311450 | 16.05.2026 | 12.04.2026 | 10.07.2025 | English Books |